000 00364 a2200157 4500
001 161388
020 _a
040 _cMagnum
100 _aBelinky, Tatiana
240 1 0 _aCinco trovinhas para duas maozinhas
_lpor
245 1 0 _aCinco trovinhas para duas maozinhas
362 0 _a1899
440 1 _aDo Brasil
697 _aI/SOCIEDADE, COTIDIANO
942 _cBK
999 _c161388
_d161388